000 00201nam a2200085Ia 4500
008 120527s9999 xx 000 0 und d
100 _aAm. Psychological Ass.
245 _aPublication Manual
942 _cBK
999 _c27665
_d27665